Production Technology / (Record no. 198397)

MARC details
000 -LEADER
fixed length control field 00822nam a22002297a 4500
005 - DATE AND TIME OF LATEST TRANSACTION
control field 20230920124604.0
010 ## - LCCN (DPL NO)
LC control number ENG-138158
020 ## - INTERNATIONAL STANDARD BOOK NUMBER
International Standard Book Number 9788195392025
Terms of availability 424.00
035 ## - SYSTEM CONTROL NUMBER
System control number EN-121690
037 ## - SOURCE OF ACQUISITION
Source of stock number/acquisition DBAD/PUB
082 ## - DEWEY DECIMAL CLASSIFICATION NUMBER
Classification number 670
100 ## - MAIN ENTRY--PERSONAL NAME
Personal name Sreekanth, D.V
245 ## - TITLE STATEMENT
Title Production Technology /
Statement of responsibility, etc By D.V Sreekanth...[et.al] Edited By P. Santosh Kumar Patra
260 ## - PUBLICATION, DISTRIBUTION, ETC. (IMPRINT)
Place of publication, distribution, etc Hyderabad
Name of publisher, distributor, etc M/s StudentsHelpline Publishing House (P) Ltd
Date of publication, distribution, etc 2023
270 ## - ADDRESS
Address 7-1-277/242, 2nd Floor, Near BK Guda Park, S R Nagar
City Hyderabad
Postal code 500038
300 ## - PHYSICAL DESCRIPTION
Extent xvi, 280p.
Dimensions 25cm(pbk)
700 ## - ADDED ENTRY--PERSONAL NAME
Personal name Patra, P.Santosh Kumar
9 (RLIN) 56902
Relator term Editor
700 ## - ADDED ENTRY--PERSONAL NAME
Personal name Pavankalyan, S.
9 (RLIN) 56998
Relator term Author
700 ## - ADDED ENTRY--PERSONAL NAME
Personal name Yadav, Y. Chandrasekhar
9 (RLIN) 56999
Relator term Author
700 ## - ADDED ENTRY--PERSONAL NAME
Personal name Paramesh, T.
9 (RLIN) 57000
Relator term Author
942 ## - ADDED ENTRY ELEMENTS (KOHA)
Source of classification or shelving scheme Dewey Decimal Classification
Item type English Books
Classification part 670
Call number suffix SRE
Holdings
Withdrawn status Lost status Not for loan Collection code Home library Current library Date acquired Source of acquisition Cost, normal purchase price Full call number Barcode Copy number Cost, replacement price Koha item type
      Non-fiction D.B.Act.Division Mobile Library 19/09/2023 DBAD/PUB 424.00 670 SRE EN-121690 1 424.00 English Books

© Delhi Public Library
Hit Counter
free hit counter